El correjimiento de Arica: 1535-1784
Na minha lista:
| Autor principal: | |
|---|---|
| Outros Autores: | , |
| Formato: | Livro |
| Idioma: | inglês |
| Publicado em: |
Arica
Universidad de Tarapacá
2016
|
| Assuntos: | |
| Tags: |
Adicionar Tag
Sem tags, seja o primeiro a adicionar uma tag!
|
MARC
| LEADER | 00000nam a22000007a 4500 | ||
|---|---|---|---|
| 003 | CL-VaPUC | ||
| 005 | 20230929123607.0 | ||
| 008 | 200122b ||||| |||| 00| 0 eng d | ||
| 999 | |c 379577 |d 379575 | ||
| 040 | |c Pontificia Universidad Católica de Valparaíso | ||
| 082 | |a 983 DAG 2016 | ||
| 100 | 1 | |a Dagnino Oliveri, Vicente |9 611755 | |
| 245 | |a El correjimiento de Arica: 1535-1784 | ||
| 260 | |a Arica |b Universidad de Tarapacá |c 2016 | ||
| 300 | |a 350 p. | ||
| 583 | |c 20200122 |k Valeria Valenzuela | ||
| 650 | 0 | 0 | |a Historia urbana |9 265140 |
| 650 | 0 | 0 | |a Colonización española |9 256592 |
| 650 | 0 | 0 | |a PIRATAS |9 317855 |
| 650 | 0 | 0 | |a CORSARIOS |9 317856 |
| 650 | 0 | 0 | |a Recursos naturales |9 255232 |
| 650 | 0 | 0 | |a DOCUMENTOS HISTORICOS |9 438868 |
| 650 | 0 | 0 | |a Iconografía |9 267998 |
| 650 | 0 | 0 | |a FACSIMILES |9 460925 |
| 650 | 0 | 0 | |a Arquitectura colonial |9 266240 |
| 650 | 0 | 0 | |a INDIOS PERUANOS |9 344289 |
| 650 | 0 | 0 | |a CHANGOS |9 504500 |
| 650 | 0 | 0 | |a TERREMOTO DE 1868 |9 504501 |
| 700 | |a Ruz Zagal, Rodrigo |9 611756 | ||
| 700 | |a Pizarro Pizarro, Elías |9 611757 | ||
| 942 | |2 ddc |c BK | ||
| 952 | |0 0 |1 0 |2 ddc |4 0 |6 983_000000000000000_DAG_2016 |7 0 |8 A |9 500159 |a BIBHIS |b BIBHIS |d 2020-01-22 |i 5615607 |o 983 DAG 2016 |p 5615607 |r 2025-01-20 |t 1 |w 2020-01-22 |y BK |k HIS | ||